1084 1293 1472 1892 1479 1281 1443 1719 1849 1748 1495 1931 1010 1825 1418 1806 1037 1967 1811 1174 1025 1813 1864 1569 1418 1544 1039 1866 1608 1262 1926 1527 1166 1472 1352 1266 1102 1847 1610 1679 1732 1941 1698 1820 1496 1331 1149 1384 1352 1293 1503 1082 1638 1571 1345 1276 1473 1847 1023 1476 1748 1941 1665 1213 1181 1721 1065 1288 1732 1952 1109 1152 1444 1753 1665 1987 1035 1310 1252 1716 1029 1117 1238 1799 1265 1046 1978 1957 1198 1890 1939 1276 1804 1673 1110 1489 1825 1235 1012 BCNSPRNW ULIB Ver.6.0+V

เปลี่ยนเป็นภาษาไทย

Change to English
 แสดงรายละเอียดบรรณานุกรม
  กลับหน้าหลัก

Brief Record : Get Marc (ISO 2709) : E-mail record : QR code < ปิดหน้าต่าง
LEADER : 00000nam 2200000uu 4500
001    13399120571
003     ULIB
008    120927s2546||||th 000 0 tha d
020    ^a9749021738
060 04 ^aWX158^bก513 2546
245 10 ^aการวางแผนจำหน่ายผู้ป่วย :^bแนวคิดและการประยุกต์ใช้ /^cวันเพ็ญ พิชิตพรชัยและอุษาวดี อัศดรวิเศษ [บรรณาธิการ]
250    ^aพิมพ์ครั้งที่ 2 (ฉบับปรับปรุง)
260    ^aกรุงเทพฯ :^bคณะพยาบาลศาสตร์ มหาวิทยาลัยมหิดล,^c2546
300    ^a126 หน้า :^bภาพประกอบ ;^c26 ซม.
650  7 ^aผู้ป่วย, การจำหน่ายออกจากโรงพยาบาล
700 0  ^aวันเพ็ญ พิชิตพรชัย,^eบรรณาธิการ
700 0  ^aอุษาวดี อัศดรวิเศษ,^eบรรณาธิการ
710 2  ^aมหาวิทยาลัยมหิดล. ^bคณะพยาบาลศาสตร์
945    ^p0^l0^i13861
945    ^p0^l0^i13862
945    ^p0^l0^i24287
945    ^p0^l0^i24288
995    ^aวิภา
999 ^a ใช้งานได้ทุกระบบ
รายการนี้ยังไม่มีแท็ก
คุณยังไม่ได้ล็อกอิน คุณสามารถมีกิจกรรมร่วมกับเว็บไซต์ได้ แต่ต้องล็อกอินก่อน ::
  ล็อกอิน

รายการสื่อสารสนเทศ

ลำดับที่ ประเภท เลขเรียก/บาร์โค้ด สถานที่ สถานะ
1. วิทยาศาสตร์การแพทย์ และสุขภาพ
วิทยาศาสตร์การแพทย์ และสุขภาพ
WX158 ก513 2546  
  Barcode: 13861
ห้องสมุดวิทยาเขตสวรรค์ประชารักษ์
►หนังสือทั่วไป
บนชั้น
2. วิทยาศาสตร์การแพทย์ และสุขภาพ
วิทยาศาสตร์การแพทย์ และสุขภาพ
WX158 ก513 2546 ฉ.2 
  Barcode: 13862
ห้องสมุดวิทยาเขตสวรรค์ประชารักษ์
►หนังสือทั่วไป
บนชั้น
3. วิทยาศาสตร์การแพทย์ และสุขภาพ
วิทยาศาสตร์การแพทย์ และสุขภาพ
WX158 ก513 2546 ฉ.3 
  Barcode: 24287
ห้องสมุดวิทยาเขตสวรรค์ประชารักษ์
►หนังสือทั่วไป
บนชั้น
4. วิทยาศาสตร์การแพทย์ และสุขภาพ
วิทยาศาสตร์การแพทย์ และสุขภาพ
WX158 ก513 2546 ฉ.4 
  Barcode: 24288
ห้องสมุดวิทยาเขตสวรรค์ประชารักษ์
►หนังสือทั่วไป
บนชั้น

รายการใกล้เคียง
    หัวเรื่อง [ผู้ป่วย, การจำหน่ายออกจากโรงพยาบาล]

BibComment


ยังไม่เคยถูกคอมเมนท์

คอมเมนท์ทรัพยากรรายการนี้
  คอมเมนท์: การวางแผนจำหน่าย..


 Copyright 2026. Bcnsprnw @Library